000 01250nam0a2200373 4500
001 RU\NLR\bibl\171747
005 20250618060532.0
010 _a5-275-00157-6
021 _aRU
_b2001-17882
_9830
035 _a(NLR Aleph) 000168523
090 _a970674
_c970674
100 _a20010629d2001 |||y0rusy50 ca
101 0 _arus
102 _aRU
105 _aa |||||||||
200 1 _aДачные постройки
_fЮ.Ф. Боданов
210 _aМ.
_cТерра-Кн. клуб
_d2001
215 _a534,[1] с.
_cил.
_d22
225 1 _aРусский дом
300 _aНа обл. авт. не указан
606 0 _aДачные постройки
_xСтроительство
_92117121
_3RU\NLR\auth\661278851
610 0 _aСадовые домики - Постройки
610 0 _aСадово-огородные участки - Благоустройство
675 _a728.9
_v3
_zrus
686 _a67.07
_2rugasnti
686 _a38.75
_2rubbk
686 _aН711.8-06
700 1 _aБоданов
_bЮ. Ф.
_gЮрий Федорович
_4070
801 0 _aRU
_bRKP
_c20010629
_gPSBO
801 1 _aRU
_bRKP
_c20010629
801 2 _aRU
_bNLR
_c20010907
_grcr
942 _cBOOK
980 _aNB